Market uncertainty and competitive aquilibrium entry.

Voľba okamžitého alebo neskoršieho vstupu podniku na trh závisí na vzájomnom pôsobení nákladov a stochastických podmienok dopytu. Podmienky konkurenčnej rovnováhy určujúce spôsob vstupu na trh. Porovnávacie štatistické výsledky ukazujú, ako sa spôsoby vstupu pri konkurenčnej rovnováhe menia vplyvom...

Descripción completa

Guardado en:
Detalles Bibliográficos
Autor principal: Lim, Ch
Otros Autores: Appelbaum, E.
Formato: Capítulo de libro
Lenguaje:inglés
Materias:
Etiquetas: Agregar Etiqueta
Sin Etiquetas, Sea el primero en etiquetar este registro!

MARC

LEADER 00000naa a2200000 4500
001 r003548
005 20221130103131.1
041 0 |a eng 
044 |a NL 
245 1 0 |a Market uncertainty and competitive aquilibrium entry.  |c Ch. Lim, E. Appelbaum 
520 |a Voľba okamžitého alebo neskoršieho vstupu podniku na trh závisí na vzájomnom pôsobení nákladov a stochastických podmienok dopytu. Podmienky konkurenčnej rovnováhy určujúce spôsob vstupu na trh. Porovnávacie štatistické výsledky ukazujú, ako sa spôsoby vstupu pri konkurenčnej rovnováhe menia vplyvom zmien v rôznych podmienkach trhu. 
610 2 0 |a podnik 
610 2 0 |a trh 
610 2 0 |a konkurencia 
610 2 0 |a rovnováha trhová 
610 2 0 |a náklady 
610 2 0 |a dopyt 
610 2 0 |a porovnanie štatistické 
100 1 |a Lim, Ch. 
700 1 |a Appelbaum, E.